LEADER 01346nam a22002651i 4500 001 991001201249707536 005 20031209200542.0 008 040407s1934 it |||||||||||||||||ita 035 $ab12734263-39ule_inst 035 $aARCHE-071390$9ExL 040 $aDip.to Scienze Storiche$bita$cA.t.i. Arché s.c.r.l. Pandora Sicilia s.r.l. 082 04$a945.107 110 2 $aSardegna $05552 245 10$aDispacci di Corte, Ministeriali e Vice-regi concernenti gli affari politici, giuridici ed ecclesiastici del Regno di Sardegna :$b1720-1721 /$ca cura del dott. Francesco Loddo-Canepa 260 $aRoma :$bSocietà nazionale per la storia del Risorgimento,$c1934 300 $aXXVII, 271 p. ;$c26 cm 440 0$aBiblioteca Scientifica.$nSerie 2,$pFonti ;$v1 650 4$aRegno di Sardegna. 1717-1861$y1720-1721$xFonti 700 1 $aLoddo Canepa, Francesco$eauthor$4http://id.loc.gov/vocabulary/relators/aut$0185002 907 $a.b12734263$b02-04-14$c16-04-04 912 $a991001201249707536 945 $aLE009 STOR.63-153b/1$g1$i2009000213852$lle009$o-$pE0.00$q-$rn$so $t0$u0$v0$w0$x0$y.i13268910$z16-04-04 996 $aDispacci di Corte, Ministeriali e Vice-regi concernenti gli affari politici, giuridici ed ecclesiastici del Regno di Sardegna$93369568 997 $aUNISALENTO 998 $ale009$b16-04-04$cm$da $e-$fita$git $h0$i1 LEADER 01279nam0 22003011i 450 001 UON00126749 005 20231205102739.503 100 $a20020107f |0itac50 ba 101 $aara 102 $aIT 105 $a|||| 1|||| 200 1 $aIndice di Sammahi "Kitab al-Siyar"$fC. Balsamo 205 $a[S.l.] : [s.n.]$b[19..] 210 $a 115 p.$a25 cm 215 $aOpera dattiloscritta; il dorso della pagina è bianco 316 $aEx inv. Arabistica$5IT-UONSI MSARA/004 517 1$3UON00367448$aKitab al-Siyar / Abul 'l-Abbas Ahmad (...) al-Sammahi 686 $aARA GEN G I$cPAESI ARABI - WHO'S WHO, ANNUARI$2A 686 $aMS ARA$cManoscritti arabi$2A 700 1$aBALSAMO$bC.$3UONV078107$0667690 702 0$aABU'L- ABBAS Ahmad bn Sa id al-Sammahi$3UONV050902 790 1$aSAMMAHI, Abu 'l-'Abbas Ahmad ibn Sa'id$yABU'L- ABBAS Ahmad bn Sa id al-Sammahi$3UONV016181 801 $aIT$bSOL$c20240220$gRICA 899 $aSIBA - SISTEMA BIBLIOTECARIO DI ATENEO$2UONSI 912 $aUON00126749 950 $aSIBA - SISTEMA BIBLIOTECARIO DI ATENEO$dSI MS ARA 004 $eSI SA 97959 7 004 Ex inv. Arabistica 996 $aIndice di Sammahi "Kitab al-Siyar"$91317241 997 $aUNIOR